000 00590nam a2200181 i 4500
001 148865
003 ES-MaACL
005 20250928101958.0
007 t|
008 070214s1924 ve r ||||1| spa d
100 1 _aSucre, Luis Alberto.
_9108714
245 1 0 _aBolívar y Sucre unidos por el linaje y por la gloria /
_cLuis Alberto Sucre.
260 _aCaracas :
_b[s. n.],
_c1924 (
_fTip. Americana)
300 _a54 p. ;
_c24 cm.
600 1 7 _aBolivar, Simón,
_d1783-1830-
_xGenealogía
_2
_9160648
852 _aES-MaACL
_j1680-F-16
_z.- Ded. ms. del autor
999 _c148865
_d148865